[Event "?"]
[Site "masterchessopen.com Cuba"]
[Round "0"]
[White "Lopez Carlos Manuel (CUB)"]
[Black "Perez Orelvis (CUB)"]
[Result "1-0"]
[WhiteElo "2325"]
[BlackElo "2451"]

1.d4 Nf6 2.c4 g6 3.Nc3 Bg7 4.e4 d6 5.Nf3 O-O 6.Be2 e5 7.O-O Nc6 8.d5 Ne7 9.b4
Nh5 10.Re1 f5 11.Ng5 Nf4 12.Bxf4 exf4 13.Rc1 fxe4 14.Ncxe4 Nf5 15.Bg4 Nd4
16.Bxc8 Qxc8 17.c5 Qf5 18.cxd6 cxd6 19.Rc7 Qxd5 20.Rxg7+ Kxg7 21.Qxd4+ {#r}
1-0

[Event "Bayern Landesliga North 2006/07"]
[Site "masterchessopen.com Bayern (Germany)"]
[Date "2006.10.29"]
[Round "2"]
[White "Renner Christian (GER)"]
[Black "Troidl Thomas Dr"]
[Result "1-0"]
[WhiteElo "2048"]
[BlackElo "1887"]

1.d4 Nf6 2.Nf3 g6 3.c4 d6 4.Nc3 Bg7 5.e4 O-O 6.Be2 e5 7.O-O Nc6 8.d5 Ne7 9.b4
a5 10.Ba3 axb4 11.Bxb4 b6 12.a4 Ne8 13.Qd2 f5 14.Ng5 h6 15.Ne6 Bxe6 16.dxe6
Rf6 17.Bf3 c6 18.Rfd1 Rxe6 19.c5 bxc5 20.Bxc5 Qa5 21.Qa2 Kf7 22.exf5 gxf5
23.Bh5+ Kf6 24.Qc4 Qxc5 25.Qh4# 1-0

[Event "Bayern Regionalliga Northeast 2001/02"]
[Site "masterchessopen.com Germany"]
[Round "1"]
[White "Chytilek Roman (CZE)"]
[Black "Sommer Matthias (GER)"]
[Result "1-0"]
[WhiteElo "2396"]
[BlackElo "2135"]

1.Nf3 Nf6 2.c4 g6 3.Nc3 Bg7 4.d4 d6 5.e4 O-O 6.Be2 e5 7.O-O Nc6 8.d5 Ne7 9.b4
a5 10.Ba3 Nd7 11.bxa5 Rxa5 12.Bb4 Ra8 13.a4 Nc5 14.a5 f5 15.Nd2 Na6 16.Ba3 Kh8
17.Nb3 fxe4 18.Nxe4 Rf4 19.f3 Rf5 20.c5 Nxc5 21.Bxc5 dxc5 22.Bc4 b6 23.d6 Nc6
24.Qd5 Bd7 25.dxc7 {#r} 1-0

[Event "Bayern Regionalliga Southwest 2005/06"]
[Site "masterchessopen.com Bayern (Germany)"]
[Date "2005.10.23"]
[Round "1"]
[White "Ciaffone Daniel"]
[Black "Guggenberger Guido (GER)"]
[Result "1-0"]
[WhiteElo "2016"]
[BlackElo "2113"]

1.d4 Nf6 2.c4 g6 3.Nc3 Bg7 4.e4 d6 5.Nf3 O-O 6.Be2 e5 7.O-O Nc6 8.d5 Ne7 9.b4
a5 10.Ba3 axb4 11.Bxb4 b6 12.a4 Ne8 13.a5 bxa5 14.Rxa5 Rxa5 15.Bxa5 f5 16.Qb3
Bh6 17.c5 Kh8 18.cxd6 Qxd6 19.Nb5 Qa6 20.Bb4 fxe4 21.Nxe5 Bg5 22.d6 {#r} 1-0

[Event "Bayern Regionalliga Southwest 2007/08"]
[Site "masterchessopen.com Bayern (Germany)"]
[Date "2007.12.09"]
[Round "4"]
[White "Uhlmann Helge"]
[Black "Brychcy Felix (GER)"]
[Result "0-1"]
[WhiteElo "2123"]
[BlackElo "2074"]

1.d4 Nf6 2.Nf3 g6 3.c4 Bg7 4.Nc3 O-O 5.e4 d6 6.Be2 e5 7.O-O Nc6 8.d5 Ne7 9.b4
Nh5 10.Re1 f5 11.Bf1 Kh8 12.a4 c6 13.Bg5 Nf6 14.dxc6 bxc6 15.c5 fxe4 16.cxd6
exf3 17.dxe7 Qxe7 18.b5 Bb7 19.Qxf3 cxb5 20.Qg3 b4 21.Rxe5 Qf7 22.Rae1 Nh5
23.Qe3 bxc3 {#R} 0-1

[Event "Bundesliga 1997/98 (w)"]
[Site "masterchessopen.com Germany"]
[Round "0"]
[White "Prudnikova Svetlana (SRB)"]
[Black "Bielicki Birke (GER)"]
[Result "1-0"]
[WhiteElo "2420"]
[BlackElo "2183"]

1.Nf3 Nf6 2.c4 g6 3.Nc3 Bg7 4.e4 d6 5.d4 O-O 6.Be2 e5 7.O-O Nc6 8.d5 Ne7 9.b4
Nh5 10.Re1 f5 11.Ng5 Nf4 12.Bxf4 exf4 13.Rc1 c6 14.Bf3 h6 15.Ne6 Bxe6 16.dxe6
Rf6 17.exf5 Nxf5 18.b5 Qc7 19.bxc6 bxc6 20.Nb5 Qb6 21.Nxd6 Rd8 22.c5 Qc7
23.Qa4 Nxd6 24.cxd6 Rxd6 25.e7 {#r} 1-0

[Event "Bundesliga 2001/02"]
[Site "masterchessopen.com Germany"]
[Round "12"]
[White "Berkvens Joost (NED)"]
[Black "Paehtz Thomas (GER)"]
[Result "0-1"]
[WhiteElo "2453"]
[BlackElo "2459"]

1.d4 g6 2.c4 Bg7 3.Nf3 Nf6 4.Nc3 O-O 5.e4 d6 6.Be2 e5 7.O-O Nc6 8.d5 Ne7 9.b4
Nh5 10.Re1 f5 11.Ng5 Nf6 12.f3 Nh5 13.g3 Bf6 14.Ne6 Bxe6 15.dxe6 f4 16.Kg2 c6
17.Qb3 fxg3 18.hxg3 Nxg3 19.Kxg3 Bh4+ 20.Kg2 Bxe1 21.Bg5 Bxc3 22.Qxc3 Nd5 {#R}
0-1

[Event "Bundesliga 2006/07"]
[Site "masterchessopen.com Germany"]
[Date "2007.03.18"]
[Round "13"]
[White "Doettling Fabian (GER)"]
[Black "Rudolf Henrik (GER)"]
[Result "1-0"]
[WhiteElo "2541"]
[BlackElo "2358"]

1.d4 Nf6 2.Nf3 g6 3.c4 Bg7 4.Nc3 O-O 5.e4 d6 6.Be2 e5 7.O-O Nc6 8.d5 Ne7 9.b4
Nh5 10.Re1 f5 11.Ng5 Nf4 12.Bxf4 exf4 13.Rc1 Bf6 14.Ne6 Bxe6 15.dxe6 Bxc3
16.Rxc3 fxe4 17.Bg4 e3 18.fxe3 Nc6 19.exf4 Rxf4 20.e7 Nxe7 21.Be6+ Kg7 22.Qa1
g5 23.Rh3+ Rf6 24.Rf1 Ng6 25.Rxf6 {#r} 1-0

[Event "Bundesliga 2011/12"]
[Site "masterchessopen.com Austria"]
[Date "2012.03.04"]
[Round "7"]
[White "Gyimesi Zoltan (HUN)"]
[Black "Bromberger Stefan (GER)"]
[Result "1-0"]
[WhiteElo "2652"]
[BlackElo "2513"]

1.d4 Nf6 2.c4 g6 3.Nc3 Bg7 4.e4 d6 5.Nf3 O-O 6.Be2 e5 7.O-O Nc6 8.d5 Ne7 9.b4
Nh5 10.a4 f5 11.c5 Nf4 12.Bc4 fxe4 13.Nxe4 Bg4 14.Ra3 Kh8 15.h3 Bf5 16.Re1
Bxe4 17.Rxe4 dxc5 18.Bxf4 cxb4 19.Bxe5 bxa3 20.Bxg7+ Kxg7 21.Qa1+ Rf6 22.Ng5
{#r} 1-0

[Event "Ch ASEAN (juniors) (under 18)"]
[Site "masterchessopen.com Brunei"]
[Round "0"]
[White "Chan Nicholas (MAS)"]
[Black "Phung Nguyen Tuong Minh (VIE)"]
[Result "1-0"]
[WhiteElo "2310"]
[BlackElo "2091"]

1.d4 Nf6 2.c4 g6 3.Nc3 Bg7 4.e4 d6 5.Be2 O-O 6.Nf3 Nc6 7.O-O e5 8.d5 Ne7 9.b4
Nd7 10.Nd2 f5 11.c5 dxc5 12.bxc5 Nxc5 13.Ba3 Nxe4 14.Ndxe4 fxe4 15.d6 cxd6
16.Bxd6 e3 17.Qb3+ Kh8 18.Rad1 exf2+ 19.Kh1 Nf5 20.Nb5 Bd7 21.Bg4 Bxb5 22.Qxb5
{#r} 1-0

[Event "Ch ASEAN (juniors) (under 18)"]
[Site "masterchessopen.com Brunei"]
[Round "0"]
[White "Duong The Anh (VIE)"]
[Black "Phung Nguyen Tuong Minh (VIE)"]
[Result "1-0"]
[WhiteElo "2288"]
[BlackElo "2091"]

1.d4 Nf6 2.c4 g6 3.Nc3 Bg7 4.e4 d6 5.Nf3 O-O 6.Be2 Nc6 7.O-O e5 8.d5 Ne7 9.b4
a5 10.bxa5 Rxa5 11.a4 b6 12.Nd2 Nd7 13.Nb3 Ra8 14.a5 Ba6 15.Ba3 Nc5 16.Bb4 f5
17.Nd2 Bh6 18.Ra3 Bxd2 19.Qxd2 fxe4 20.axb6 cxb6 21.Rfa1 Qc8 22.Bxc5 bxc5
23.Nxe4 Rd8 24.Qg5 Qb7 25.Rxa6 Rxa6 26.Rxa6 h6 {#r} 1-0

[Event "Ch American Continental"]
[Site "masterchessopen.com Mar del Plata (Argentina)"]
[Date "2012.10.17"]
[Round "8"]
[White "Fusco Leonardo (ARG)"]
[Black "Pardo Alejandro (COL)"]
[Result "1-0"]
[WhiteElo "2379"]
[BlackElo "2181"]

1.d4 Nf6 2.c4 g6 3.Nc3 Bg7 4.e4 d6 5.Be2 O-O 6.Nf3 e5 7.O-O Nc6 8.d5 Ne7 9.b4
Ne8 10.c5 f5 11.Ng5 Kh8 12.Bf3 Nf6 13.cxd6 cxd6 14.Qb3 h6 15.Ne6 Bxe6 16.dxe6
fxe4 17.Nxe4 Nxe4 18.Bxe4 d5 19.Rd1 Qb6 20.Be3 Qxe6 21.Bc5 Rae8 22.Bxd5 Qf5
23.Bxb7 Rf7 24.Be4 {#r} 1-0

[Event "Ch Antalya (open)"]
[Site "masterchessopen.com Antalya (Turkey)"]
[Date "2011.11.26"]
[Round "5"]
[White "Uzunoglu Efe Kerem"]
[Black "Arat Ufuk Sezen"]
[Result "0-1"]
[WhiteElo "2057"]
[BlackElo "2070"]

1.Nf3 Nf6 2.c4 g6 3.Nc3 Bg7 4.e4 d6 5.d4 O-O 6.Be2 e5 7.O-O Nc6 8.d5 Ne7 9.b4
Nh5 10.Re1 f5 11.Nd2 Nf6 12.f3 g5 13.c5 Ng6 14.Nc4 Nf4 15.Bf1 g4 16.Bxf4 exf4
17.e5 dxe5 18.Nxe5 Ne4 19.fxe4 Bxe5 20.Rc1 f3 21.gxf3 Qh4 22.Rc2 gxf3 23.Re3
fxe4 24.Rxe4 f2+ {#R} 0-1

[Event "Ch Aragon"]
[Site "masterchessopen.com Zaragoza (Spain)"]
[Round "1"]
[White "Garza Marco Sergio (ESP)"]
[Black "Flores Jorge (CHI)"]
[Result "1-0"]
[WhiteElo "2381"]
[BlackElo "2050"]

1.d4 Nf6 2.Nf3 g6 3.c4 Bg7 4.Nc3 d6 5.e4 O-O 6.Be2 e5 7.O-O Nc6 8.d5 Ne7 9.b4
Nh5 10.Re1 f5 11.c5 Nf6 12.Bg5 Nxe4 13.Nxe4 fxe4 14.Nd2 Qe8 15.Nxe4 dxc5
16.bxc5 Bf5 17.d6 cxd6 18.Nxd6 Qd8 19.Qb3+ {#r} 1-0

[Event "Ch Aragon (team)"]
[Site "masterchessopen.com Aragon (Spain)"]
[Round "0"]
[White "Mancebo Ibanez Fernando (ESP)"]
[Black "Pavia Miralles J M (ESP)"]
[Result "1-0"]
[WhiteElo "2260"]
[BlackElo "2256"]

1.d4 Nf6 2.c4 g6 3.Nc3 Bg7 4.e4 d6 5.Be2 O-O 6.Nf3 e5 7.O-O Nc6 8.d5 Ne7 9.b4
a5 10.Ba3 axb4 11.Bxb4 Nd7 12.Nd2 f5 13.a4 Nf6 14.c5 Kh8 15.cxd6 cxd6 16.Nb5
Ra6 17.Nc3 Ra8 18.Nc4 Nxe4 19.Nxe4 fxe4 20.Nxd6 e3 21.fxe3 Qb6 22.Qd2 Rxf1+
23.Rxf1 Rxa4 24.Nf7+ Kg8 25.Bxe7 {#r} 1-0

[Event "Ch Asia"]
[Site "masterchessopen.com Cebu (Philippines)"]
[Date "2007.09.23"]
[Round "5"]
[White "Yueh Wei Po (TPE)"]
[Black "Maga Mirabeau (PHI)"]
[Result "0-1"]
[WhiteElo "1983"]
[BlackElo "2292"]

1.d4 Nf6 2.c4 g6 3.Nf3 Bg7 4.e4 d6 5.Be2 O-O 6.Nc3 e5 7.O-O Nc6 8.d5 Ne7 9.b4
Nh5 10.Re1 f5 11.Ng5 Nf4 12.Bxf4 exf4 13.Rc1 Bh6 14.Nf3 g5 15.Nd4 g4 16.f3
fxe4 17.Nxe4 Nf5 18.Nxf5 Bxf5 19.Bf1 Qh4 20.Qe2 Rae8 21.Qf2 Qh5 22.fxg4 Bxg4
23.Ra1 Qg6 24.Nc3 f3 25.g3 Re2 26.Bxe2 fxe2 {#R} 0-1

[Event "Ch Asia"]
[Site "masterchessopen.com Hyderabad (India)"]
[Date "2005.10.15"]
[Round "9"]
[White "Xu Jun (CHN)"]
[Black "Zhou Jianchao (CHN)"]
[Result "1-0"]
[WhiteElo "2582"]
[BlackElo "2516"]

{ Xu Jun (CHN) +6 =4 -1 } 1.d4 Nf6 2.c4 g6 3.Nc3 Bg7 4.e4 d6 5.Be2 O-O 6.Nf3
e5 7.O-O Nc6 8.d5 ( 8.Be3 Ng4 9.Bg5 f6 10.Bh4 h5 11.Bg3 Nh6 12.h3 g5 13.dxe5
fxe5 14.c5 h4 15.Bh2 g4 16.hxg4 Bxg4 17.cxd6 cxd6 18.Nb5 Bxf3 19.Bxf3 Qg5
20.Be2 Rad8 21.Nc7 Nd4 22.Bc4+ Kh8 23.Ne6 Nxe6 24.Bxe6 Qg6 25.Qd5 Rf6 26.Bh3
Rdf8 27.Qxb7 Ng4 { ...1-0, Xu Jun 2510 - De Guzman Ricardo 2407 , Asia 1989 Ch
Asia (team) } ) 8...Ne7 9.b4 Nh5 10.Re1 h6 11.Nd2 Nf4 12.Bf1 g5 { ? } (
12...c6 13.dxc6 Nxc6 14.a3 a5 15.Rb1 axb4 16.axb4 Nd4 17.Nb3 Nfe6 18.Nb5 Bd7
19.N3xd4 Nxd4 20.Nxd4 exd4 21.Bf4 g5 22.Bg3 f5 23.exf5 Bxf5 24.Bd3 Qd7 25.Qf3
d5 26.cxd5 { 1/2-1/2, Lalic Bogdan 2565 - Atalik Suat 2525 , Hastings 1996 It
(cat.13) } ) 13.c5 f5 { ?/± } 14.g3 ( 14.cxd6 cxd6 15.Nc4 g4 16.b5 Rf6 17.Qb3
Kh7 18.b6 a6 19.Ba3 Rg6 20.Rac1 h5 21.Qb4 Bf8 22.Qb1 h4 23.Ne3 g3 24.fxg3 hxg3
25.exf5 gxh2+ 26.Kh1 Nxf5 27.Nxf5 Nh3 28.Nd1 Qg5 29.Rc7+ Kg8 30.Nfe3 Qg3
31.Bb4 a5 32.Bd2 Rh6 33.Nf5 { 1-0, Sokolov Ivan 2630 - Van Wely Loek 2585 ,
Amsterdam 1995 Ch Netherlands } ) ( 14.Nc4 fxe4 15.cxd6 cxd6 16.Nxe4 Nf5 17.b5
Bf6 18.a4 Be7 19.Ba3 b6 20.g3 Ng6 21.Bg2 a6 22.Qd3 axb5 23.Ncxd6 Kg7 24.Nxf5+
Bxf5 25.d6 Bf6 26.axb5 Rf7 27.Qd5 Ra4 28.Bb2 Rxa1 29.Rxa1 Rd7 30.Ra8 Ne7
31.dxe7 { 1-0, Schlosser Philipp 2560 - Touzane Olivier 2495 , Lippstadt 1996
It } ) 14...Nfg6 15.Nc4 f4 ( 15...fxe4 16.cxd6 cxd6 17.Nxe4 Nf5 18.Bb2 b6
19.Rc1 Bb7 20.Bh3 Nge7 21.Ne3 Nd4 22.Bxd4 exd4 23.Be6+ Kh8 24.Nc4 Nxd5
25.Ncxd6 Qe7 26.Qg4 Nxb4 27.Nxb7 Qxb7 28.Nd6 Qf3 29.Qxf3 Rxf3 30.Rc4 Nd3
31.Bd5 Nxe1 32.Bxa8 Rc3 33.Nf7+ Kg8 34.Bd5 Kf8 35.Kf1 { ...0-1, Pritchett
Craig W 2315 - Gormally Daniel 2425 , Wigan 1997 Ch England (team) 1996/97 } )
( 15...Kh8 16.f3 f4 17.a4 h5 18.Be2 Ng8 19.g4 hxg4 20.fxg4 Nh4 21.Nd2 Ne7
22.Nf3 Neg6 23.h3 Bd7 24.Ba3 Rf7 25.b5 Bf8 26.c6 bxc6 27.dxc6 Be6 28.Qd3 Rh7
29.Nxh4 Rxh4 30.Nd1 Qf6 31.Nf2 f3 32.Qxf3 Nf4 33.Bc1 Bg7 34.Qg3 a6 35.bxa6 {
...1/2-1/2, Grebionkin Vladimir 2445 - Gafner Evgeny J 2288 , Ufa 1999 Ch
Russia (1/2 final) } ) 16.a4 { +0.48 CAP } ( 16.Be2 Kh7 17.a4 Ng8 18.Ba3 Qf6
19.Bf1 h5 20.Qc2 Rf7 21.b5 Bf8 22.b6 axb6 23.cxd6 Bxd6 24.Bxd6 cxd6 25.Nb5 Rg7
26.Nxb6 { 1-0, Eljanov Pavel 2522 - Kobylkin Evgeni 2409 , Alushta 2001 Ch
Ukraine (team) } ) ( 16.Ba3 Rf6 17.b5 b6 18.cxd6 cxd6 19.Bb4 g4 20.a4 h5 21.a5
Rb8 22.axb6 axb6 23.Nb1 h4 24.Nbd2 f3 25.Nxd6 hxg3 26.hxg3 Nf8 27.N2c4 Rh6
28.Ra7 Bd7 29.Bc3 Nc8 30.Rxd7 Nxd7 31.Nf5 Rh5 32.d6 Qf6 33.Qd5+ Kh8 34.Nce3
Qg6 35.Bc4 Qh7 { ...1-0, Iskusnyh Sergei 2460 - Fedorov Alexei 2555 , Omsk
1996 Cup Russia (open) } ) 16...h5 { N } ( 16...Rf6 17.Ba3 Nh8 18.a5 Nf7 19.b5
b6 20.cxd6 cxd6 21.Bb4 Rb8 22.axb6 axb6 23.Ra7 Bd7 24.Be2 Nc8 25.Ra2 Ne7
26.Bg4 Qc8 27.Bxd7 Qxd7 28.Qh5 g4 29.Rea1 Nc8 30.Ra8 Rxa8 31.Rxa8 Kh7 32.Nd2
Ng5 { 0-1, Koroteev Gennady 2010 - Zsinka Laszlo 2348 , Hungary 2001 Ch
Hungary (team) 2000/01 } ) ( 16...g4 17.Nb5 Rf6 18.Ba3 h5 19.Nxc7 Qxc7 20.cxd6
Rxd6 21.Nxd6 Qxd6 22.b5 Qf6 23.d6 Nf5 24.exf5 Bxf5 25.Qd5+ Kh8 26.Rad1 Rd8
27.Bd3 Bxd3 28.Qxd3 h4 29.d7 hxg3 30.hxg3 f3 31.Bc1 Nf8 32.Qe4 Qe6 33.Ba3 {
1-0, Anand Viswanathan 2765 - Almasi Zoltan 2615 , Groningen 1997 Ch World
FIDE } ) 17.Qxh5 Bf6 { ?! } ( 17...g4 18.Be2 dxc5 19.bxc5 Kf7 { } ) 18.cxd6
cxd6 19.Nb5 Kg7 20.Nbxd6 Rh8 21.Qe2 g4 22.gxf4 Nh4 23.Ra3 Neg6 24.f5 Be7
25.Qxg4 Rg8 26.Rg3 { } {#r} 1-0

[Event "Ch Asia (juniors) (under 14) (g)"]
[Site "masterchessopen.com New Delhi (India)"]
[Date "2005.12.09"]
[Round "2"]
[White "Lahari M V P"]
[Black "Niharika Yenum (IND)"]
[Result "0-1"]
[WhiteElo "2078"]
[BlackElo "1927"]

1.Nf3 d6 2.d4 Nf6 3.c4 g6 4.Nc3 Bg7 5.e4 O-O 6.Be2 e5 7.O-O Nc6 8.d5 Ne7 9.b4
a5 10.Ba3 axb4 11.Bxb4 Nd7 12.a4 Bh6 13.Nd2 f5 14.Nb3 Nf6 15.Bf3 g5 16.exf5
Bxf5 17.Re1 Ng6 18.Ne4 g4 19.Nxf6+ Qxf6 20.Bxg4 Bxg4 21.Qxg4 Qxf2+ 22.Kh1 Rxa4
{#R} 0-1

[Event "Ch Asia (juniors) (under 18) (g)"]
[Site "masterchessopen.com Teheran (Iran)"]
[Date "2004.04.07"]
[Round "6"]
[White "Tuitebaeva Dinara (KAZ)"]
[Black "Bayat Shohreh (IRI)"]
[Result "1-0"]
[WhiteElo "2138"]
[BlackElo "2074"]

1.d4 Nf6 2.c4 g6 3.Nc3 Bg7 4.e4 d6 5.Nf3 O-O 6.Be2 e5 7.O-O Nc6 8.d5 Ne7 9.b4
Ne8 10.a4 f5 11.Nd2 fxe4 12.Ndxe4 Nf5 13.c5 Nd4 14.Ba3 Bf5 15.b5 Rf7 16.Bd3
Bf8 17.Rc1 dxc5 18.Bxc5 Bxe4 19.Nxe4 Qxd5 20.Ng5 Bxc5 21.Bc4 Qd7 22.Bxf7+ Kg7
23.Rxc5 Qe7 24.Bxe8 Qxc5 25.Qxd4 {#r} 1-0

[Event "Ch Asian Cities (team)"]
[Site "masterchessopen.com Tagaytay (Philippines)"]
[Date "2004.03.22"]
[Round "2"]
[White "Said Yang Die"]
[Black "Abelgas Rodolfo Varron (MAC)"]
[Result "1-0"]
[WhiteElo "1800"]
[BlackElo "1903"]

1.d4 d6 2.Nf3 g6 3.c4 Bg7 4.Nc3 Nf6 5.e4 O-O 6.Be2 e5 7.O-O Nc6 8.d5 Ne7 9.b4
b6 10.a4 h6 11.c5 dxc5 12.bxc5 a6 13.Nd2 Ne8 14.Nc4 f5 15.cxb6 cxb6 16.Be3 Rb8
17.a5 f4 18.Bxb6 Qd7 19.f3 {#r} 1-0

[Event "Ch Australia (reserves)"]
[Site "masterchessopen.com Melbourne (Australia)"]
[Round "8"]
[White "Wright Neil (AUS)"]
[Black "Bourmistrov Denis (AUS)"]
[Result "1-0"]
[WhiteElo "2156"]
[BlackElo "2193"]

1.d4 d6 2.Nf3 g6 3.c4 Bg7 4.Nc3 Nf6 5.e4 O-O 6.Be2 e5 7.O-O Nc6 8.d5 Ne7 9.b4
a5 10.Ba3 Nh5 11.Re1 f5 12.c5 axb4 13.Bxb4 Nf4 14.Bc4 fxe4 15.Nxe4 Nf5 16.Bf1
dxc5 17.Nxc5 e4 18.Nxe4 Nd6 19.Rc1 Rxa2 20.Rxc7 Nxe4 21.Rxg7+ Kxg7 22.Rxe4
Nxd5 23.Bxf8+ Kxf8 24.Bc4 Qa5 25.Re1 {#r} 1-0

[Event "Ch Austria (juniors) (under 16)"]
[Site "masterchessopen.com Imst (Austria)"]
[Date "2008.03.20"]
[Round "6"]
[White "Dalnodar Bernhard (AUT)"]
[Black "Menezes Christoph (AUT)"]
[Result "1-0"]
[WhiteElo "1952"]
[BlackElo "1761"]

1.d4 Nf6 2.Nf3 g6 3.c4 Bg7 4.Nc3 O-O 5.e4 d6 6.Be2 e5 7.O-O Nc6 8.d5 Ne7 9.b4
Nh5 10.Nd2 Nf4 11.a4 Kh8 12.f3 f5 13.c5 Ng8 14.Kh1 Nxe2 15.Qxe2 f4 16.Ba3 g5
17.Rfc1 Rf6 18.cxd6 cxd6 19.Rc2 Rh6 20.Rac1 Qe8 21.Nf1 Qh5 22.Nb5 g4 23.Rxc8
Rxc8 24.Rxc8 g3 25.h3 a6 26.Nc7 {#r} 1-0

[Event "Ch Baden-Wuerttemberg"]
[Site "masterchessopen.com Illertissen (Germany)"]
[Date "2005.09.02"]
[Round "7"]
[White "Behm Simon (GER)"]
[Black "Kabisch Thilo (GER)"]
[Result "0-1"]
[WhiteElo "2245"]
[BlackElo "2330"]

1.d4 Nf6 2.c4 g6 3.Nc3 Bg7 4.e4 d6 5.Be2 O-O 6.Nf3 e5 7.O-O Nc6 8.d5 Ne7 9.b4
Ne8 10.c5 f5 11.Ng5 fxe4 12.Ngxe4 a5 13.Ba3 axb4 14.Bxb4 Nf5 15.a4 Nd4 16.cxd6
cxd6 17.Bb5 Bd7 18.Nxd6 Nxd6 19.Bxd6 Bh3 20.Bxf8 Qg5 21.g3 Rxf8 22.Ne4 Qf5
23.Nd2 Bh6 24.Be2 Bxd2 25.Qxd2 Nf3+ {#R} 0-1

[Event "Ch Belgium (team) 2005/06"]
[Site "masterchessopen.com Belgium"]
[Date "2006.03.26"]
[Round "11"]
[White "Cnossen Wiebe (NED)"]
[Black "Verlinde Tieme (BEL)"]
[Result "1-0"]
[WhiteElo "2179"]
[BlackElo "2070"]

1.Nf3 Nf6 2.c4 g6 3.Nc3 d6 4.d4 Bg7 5.e4 O-O 6.Be2 e5 7.O-O Nc6 8.d5 Ne7 9.b4
Nh5 10.Re1 f5 11.Ng5 Nf6 12.Bf3 fxe4 13.Ncxe4 Nxe4 14.Bxe4 c6 15.c5 Rf6 16.Qb3
h6 17.cxd6 Rxd6 18.dxc6+ Nd5 19.c7 Qd7 20.Bxd5+ Kf8 21.Qf3+ Qf5 22.Be4 {#r}
1-0

[Event "Ch Bulgaria (team)"]
[Site "masterchessopen.com Bankja (Bulgaria)"]
[Round "8"]
[White "Dobrev Nanko (BUL)"]
[Black "Mollov Ergin (BUL)"]
[Result "1-0"]
[WhiteElo "2386"]
[BlackElo "2394"]

1.d4 g6 2.c4 Bg7 3.Nc3 d6 4.e4 Nf6 5.Nf3 O-O 6.Be2 e5 7.O-O Nc6 8.d5 Ne7 9.b4
Nh5 10.g3 f5 11.Ng5 Nf6 12.f3 Kh8 13.Be3 f4 14.Bf2 Bh6 15.Ne6 Bxe6 16.dxe6
fxg3 17.hxg3 c6 18.b5 Qc7 19.Rb1 Nh5 20.f4 exf4 21.Bxh5 gxh5 22.Bd4+ Kg8
23.Qxh5 c5 24.Qg4+ {#r} 1-0

[Event "Ch Catalunia (team) (Div. Honor)"]
[Site "masterchessopen.com Barcelona (Spain)"]
[Date "2011.02.05"]
[Round "2"]
[White "Martin Canfran Ivan (ESP)"]
[Black "Pueyo Burrel David (ESP)"]
[Result "0-1"]
[WhiteElo "2030"]
[BlackElo "2160"]

1.d4 g6 2.Nf3 Nf6 3.c4 Bg7 4.Nc3 O-O 5.e4 d6 6.Be2 e5 7.O-O Nc6 8.d5 Ne7 9.b4
Nh5 10.c5 Nf4 11.Bxf4 exf4 12.Rc1 f5 13.Bc4 fxe4 14.Nxe4 Bg4 15.Neg5 h6 16.Ne6
Bxe6 17.cxd6 Qxd6 18.dxe6 Qxb4 19.Bb3 Rad8 20.Qe2 c6 21.Ne5 Kh7 22.Nf7 Rd2
23.Rc4 Qxb3 {#R} 0-1

[Event "Ch Chess Club"]
[Site "masterchessopen.com St. Petersburg (Russia)"]
[Round "5"]
[White "Kopasov Evgeny (RUS)"]
[Black "Serov Maksim (RUS)"]
[Result "1-0"]
[WhiteElo "2134"]
[BlackElo "2171"]

1.d4 Nf6 2.Nf3 g6 3.c4 Bg7 4.Nc3 O-O 5.e4 d6 6.Be2 e5 7.O-O Nc6 8.d5 Ne7 9.b4
Nh5 10.Re1 f5 11.Ng5 Nf6 12.f3 h6 13.Ne6 Bxe6 14.dxe6 c6 15.Be3 Ne8 16.Qb3 Kh8
17.Rad1 Rf6 18.c5 Nc8 19.cxd6 Ncxd6 20.f4 exf4 21.Bc5 Rf8 22.Bf3 Qc7 23.e5 Nc8
24.Rd7 Qb8 25.Bxf8 Bxf8 26.Rd8 {#r} 1-0

[Event "Ch China (team)"]
[Site "masterchessopen.com Suzhou/Jiangsu (China)"]
[Round "7"]
[White "Zhang Weida (CHN)"]
[Black "Cai Lu (CHN)"]
[Result "1-0"]
[WhiteElo "2484"]
[BlackElo "2285"]

1.c4 Nf6 2.Nc3 g6 3.e4 d6 4.d4 Bg7 5.Nf3 O-O 6.Be2 e5 7.O-O Nc6 8.d5 Ne7 9.b4
a5 10.Ba3 Nh5 11.Re1 f5 12.bxa5 Nf4 13.Bf1 fxe4 14.Nd2 Nf5 15.Ncxe4 Nd4 16.Nb3
Nh3+ 17.gxh3 Nf3+ 18.Kh1 Qh4 19.Re3 Bg4 20.Be2 Bh5 21.Nbd2 Nxd2 22.Qxd2 Bh6
23.Bxh5 Bxe3 24.Qxe3 Qxh5 25.Bb4 Rf4 26.Qxf4 {#r} 1-0

[Event "Ch City"]
[Site "masterchessopen.com Brasilia (Brazil)"]
[Date "2006.12.18"]
[Round "6"]
[White "Catta Preta Daniel (BRA)"]
[Black "Andrade Nuno Filipe (POR)"]
[Result "1-0"]
[WhiteElo "2150"]
[BlackElo "1723"]

1.d4 Nf6 2.Nf3 g6 3.c4 Bg7 4.Nc3 O-O 5.e4 d6 6.Be2 e5 7.O-O Nc6 8.d5 Ne7 9.b4
Nxe4 10.Nxe4 f5 11.Nc3 e4 12.Nd4 c5 13.dxc6 Qb6 14.Ndb5 bxc6 15.c5 dxc5
16.Qb3+ Nd5 17.Nxd5 cxd5 18.bxc5 Qa5 19.Qxd5+ Kh8 20.Bd2 Rd8 21.Nd6 Bb7
22.Nf7+ Kg8 23.Nh6+ {#r} 1-0

[Event "Ch City"]
[Site "masterchessopen.com Kemerovo (Russia)"]
[Date "2010.03.20"]
[Round "8"]
[White "Pjatelin Dmitrij (RUS)"]
[Black "Kuznetsov Petr (RUS)"]
[Result "1-0"]
[WhiteElo "2089"]
[BlackElo "1983"]

1.c4 Nf6 2.Nc3 d6 3.d4 g6 4.e4 Bg7 5.Nf3 O-O 6.Be2 Nc6 7.O-O e5 8.d5 Ne7 9.b4
a5 10.Ba3 axb4 11.Bxb4 Nh5 12.Re1 Nf4 13.Bf1 f5 14.c5 fxe4 15.cxd6 cxd6
16.Nxe4 Kh8 17.Bxd6 Bf5 18.Bxe7 Qxe7 19.d6 Qd7 20.Nfd2 Ra4 21.Nc5 Qxd6 22.Nxa4
Rd8 23.Nc4 {#r} 1-0

[Event "Ch City (open)"]
[Site "masterchessopen.com Gdansk (Poland)"]
[Date "2012.07.25"]
[Round "5"]
[White "Janczarski Michal (POL)"]
[Black "Kanarkiewicz Michal (POL)"]
[Result "1-0"]
[WhiteElo "2357"]
[BlackElo "2079"]

1.d4 Nf6 2.c4 g6 3.Nc3 Bg7 4.e4 d6 5.Be2 O-O 6.Nf3 e5 7.O-O Nc6 8.d5 Ne7 9.b4
a5 10.Ba3 Nd7 11.bxa5 b6 12.Nb5 bxa5 13.Qc2 Nc5 14.Bxc5 dxc5 15.Rad1 Ra6
16.Ne1 f5 17.Nd3 fxe4 18.Nxc5 e3 19.Nxa6 exf2+ 20.Rxf2 Rxf2 21.Kxf2 Nf5
22.Naxc7 Qh4+ 23.Kg1 Bh6 24.Rd3 e4 25.Rh3 Qe1+ 26.Bf1 Bd2 {#r} 1-0

[Event "Ch Colombia (1/2 final)"]
[Site "masterchessopen.com Medellin (Colombia)"]
[Date "2010.06.11"]
[Round "9"]
[White "Gallego Andres (COL)"]
[Black "Garcia Alvaro (COL)"]
[Result "1-0"]
[WhiteElo "2384"]
[BlackElo "2229"]

1.d4 Nf6 2.c4 g6 3.Nc3 Bg7 4.e4 d6 5.Nf3 O-O 6.Be2 e5 7.O-O Nc6 8.d5 Ne7 9.b4
Nh5 10.Re1 Nf4 11.Bf1 f5 12.Bxf4 exf4 13.e5 dxe5 14.Nxe5 Qd6 15.c5 Qd8 16.d6
cxd6 17.cxd6 Bxe5 18.dxe7 Qxe7 19.Qd5+ {#r} 1-0